<?xml version="1.0" encoding="UTF-8"?><?xml-stylesheet type="text/xsl" href="static/style.xsl"?><OAI-PMH xmlns="http://www.openarchives.org/OAI/2.0/" xmlns:xsi="http://www.w3.org/2001/XMLSchema-instance" xsi:schemaLocation="http://www.openarchives.org/OAI/2.0/ http://www.openarchives.org/OAI/2.0/OAI-PMH.xsd"><responseDate>2026-04-17T08:00:47Z</responseDate><request verb="GetRecord" identifier="oai:www.recercat.cat:2445/195458" metadataPrefix="marc">https://recercat.cat/oai/request</request><GetRecord><record><header><identifier>oai:recercat.cat:2445/195458</identifier><datestamp>2025-12-05T09:41:37Z</datestamp><setSpec>com_2072_1057</setSpec><setSpec>col_2072_478778</setSpec><setSpec>col_2072_478917</setSpec></header><metadata><record xmlns="http://www.loc.gov/MARC21/slim" xmlns:dcterms="http://purl.org/dc/terms/" xmlns:xsi="http://www.w3.org/2001/XMLSchema-instance" xmlns:doc="http://www.lyncode.com/xoai" xsi:schemaLocation="http://www.loc.gov/MARC21/slim http://www.loc.gov/standards/marcxml/schema/MARC21slim.xsd">
   <leader>00925njm 22002777a 4500</leader>
   <datafield ind2=" " ind1=" " tag="042">
      <subfield code="a">dc</subfield>
   </datafield>
   <datafield ind2=" " ind1=" " tag="720">
      <subfield code="a">Sánchez, Elena</subfield>
      <subfield code="e">author</subfield>
   </datafield>
   <datafield ind2=" " ind1=" " tag="720">
      <subfield code="a">Gil, S.</subfield>
      <subfield code="e">author</subfield>
   </datafield>
   <datafield ind2=" " ind1=" " tag="720">
      <subfield code="a">Azcón Bieto, Joaquín</subfield>
      <subfield code="e">author</subfield>
   </datafield>
   <datafield ind2=" " ind1=" " tag="720">
      <subfield code="a">Nogués Mestres, Salvador</subfield>
      <subfield code="e">author</subfield>
   </datafield>
   <datafield ind2=" " ind1=" " tag="260">
      <subfield code="c">2023-03-17T17:58:22Z</subfield>
   </datafield>
   <datafield ind2=" " ind1=" " tag="260">
      <subfield code="c">2023-03-17T17:58:22Z</subfield>
   </datafield>
   <datafield ind2=" " ind1=" " tag="260">
      <subfield code="c">2016-02</subfield>
   </datafield>
   <datafield ind2=" " ind1=" " tag="260">
      <subfield code="c">2023-03-17T17:58:22Z</subfield>
   </datafield>
   <datafield ind2=" " ind1=" " tag="520">
      <subfield code="a">In this work, two perennial rhizomatous grasses (Arundo donax L. (giant reed; C3) and Panicum virgatum L. (switchgrass; C4)) considered as promising energy crops have been subjected to four different types of stress in two experiments: (i) both species were subjected to four salinity and water stress treatments [well-watered with non-saline solution (WW S−), low-watered with non-saline solution (WS S-), well-watered with saline solution (WW S+) and low-watered with saline solution (WS S+)]; and (ii) both species were subjected to three temperature and light treatments [ambient temperature and light (C), ambient temperature and darkness (AD) and cold temperature and darkness (CD)]. Photosynthetic and physiological parameters as well as biomass production were measured in these plants. It can be hypothesized that a higher photosynthesis rate (Asat) was be observed in switchgrass as a consequence of its C4 metabolic pathway. However, our results indicated a similar Asat at the beginning of the experiment for both species. This could be due to switchgrass being an NAD-ME C4 type whereas giant reed has been reported as a C3 species with a high photosynthetic rate. We showed that switchgrass seems to be more resistant to stresses such as water stress, salinity and cold than giant reed in our greenhouse conditions.</subfield>
   </datafield>
   <datafield tag="653" ind2=" " ind1=" ">
      <subfield code="a">Salinitat</subfield>
   </datafield>
   <datafield tag="653" ind2=" " ind1=" ">
      <subfield code="a">Fred</subfield>
   </datafield>
   <datafield tag="653" ind2=" " ind1=" ">
      <subfield code="a">Gramínies</subfield>
   </datafield>
   <datafield tag="653" ind2=" " ind1=" ">
      <subfield code="a">Salinity</subfield>
   </datafield>
   <datafield tag="653" ind2=" " ind1=" ">
      <subfield code="a">Cold</subfield>
   </datafield>
   <datafield tag="653" ind2=" " ind1=" ">
      <subfield code="a">Grasses</subfield>
   </datafield>
   <datafield ind2="0" ind1="0" tag="245">
      <subfield code="a">The Response of Arundo donax L. (C3) and Panicum virgatum (C4) to different stresses</subfield>
   </datafield>
</record></metadata></record></GetRecord></OAI-PMH>